| 000 | 00337nam a2200121Ia 4500 | ||
|---|---|---|---|
| 008 | 220204s9999 xx 000 0 und d | ||
| 082 |
_a631.11(410) _bGAR |
||
| 245 | 0 | _aModern British farming systems: An introduction. | |
| 260 |
_aGreat Britain _bPaul Eleck _c1972 |
||
| 650 | _aFarming systems | ||
| 700 | _aGARNER, Frank H | ||
| 942 | _cBK | ||
| 999 |
_c23768 _d23768 |
||